よみが2文字の駅名 - Statistics

General Stats
  • This quiz has been taken 197 times
  • The average score is 132 of 387
Answer Stats
Hint Answer % Correct
千葉市 千葉
84%
伊達市 伊達
80%
名古屋市 | 周南市 | 戸田市 戸田
80%
日野市 | 日野町 | 須坂市 日野
80%
加茂市 | 木津川市 | 鳥羽市 加茂
79%
京都市 | 大津市 | 小野市 | +2 others 小野
79%
森町 | 貝塚市
78%
佐野市 佐野
78%
呉市
78%
氷見市 氷見
77%
亀山市 | 関市
77%
水戸市 水戸
76%
久喜市 久喜
76%
加須市 加須
75%
久慈市 久慈
74%
古河市 古河
74%
富士市 富士
74%
八尾市 八尾
74%
座間市 座間
73%
下呂市 下呂
73%
宇治市 宇治
73%
三木市 三木
73%
佐賀市 佐賀
73%
野木町 野木
72%
逗子市 逗子
72%
奈良市 奈良
72%
坂町
72%
萩市
72%
恵那市 恵那
71%
野洲市 野洲
71%
宇部市 宇部
71%
仁木町 仁木
70%
可児市 可児
70%
利府町 利府
69%
古賀市 古賀
69%
男鹿市 男鹿
68%
岐阜市 岐阜
68%
宇佐市 宇佐
68%
由仁町 由仁
67%
遊佐町 遊佐
67%
壬生町 壬生
67%
豊川市 伊奈
67%
智頭町 智頭
67%
多気町 多気
66%
日田市 日田
66%
和気町 和気
65%
和木町 和木
63%
安芸市 安芸
63%
赤村
63%
阿蘇市 阿蘇
63%
茅野市 茅野
62%
鳥羽市 鳥羽
62%
御所市 御所
62%
鳥栖市 鳥栖
62%
養父市 養父
61%
いの町 伊野
61%
美祢市 美祢
59%
佐倉市 | 高崎市 井野
58%
呉市
58%
多久市 多久
58%
佐々町 佐々
58%
大阪市 野田
57%
宮崎市 | 田野町 田野
57%
日出町 日出
57%
牟岐町 牟岐
56%
粕屋町 伊賀
56%
宇土市 宇土
56%
都農町 都農
56%
港区 三田
55%
前橋市
54%
宇美町 宇美
54%
加東市 | 那須烏山市
53%
さいたま市 与野
53%
名古屋市 | 沼津市 | 高松市
53%
須恵町 須恵
53%
出雲市 | 矢掛町 小田
52%
山陽小野田市 厚狭
52%
新座市 志木
51%
庄原市
51%
大津市 膳所
50%
神戸市
50%
三豊市 みの
50%
小城市 小城
50%
千葉市 蘇我
49%
木津川市 | 神戸市 木津
49%
千葉市 都賀
46%
大阪市 加美
46%
北区 尾久
43%
青梅市 河辺
43%
府中市 多磨
43%
玉野市 宇野
42%
国立市 谷保
41%
揖斐川町 揖斐
41%
大津市 | 大津町 瀬田
41%
神戸市 須磨
41%
佐用町 佐用
41%
毛呂山町 毛呂
40%
豊川市 国府
40%
枚方市 津田
40%
岡山市 瀬戸
40%
いわき市 | 横浜市 江田
39%
市原市 五井
39%
調布市 布田
38%
名古屋市 | 大阪市 矢田
38%
大津市 志賀
38%
南丹市 八木
38%
加西市
38%
和歌山市 紀伊
38%
広島市 矢野
38%
秋田市 和田
37%
さいたま市 土呂
37%
江東区 木場
37%
北区 志茂
37%
相模原市 矢部
37%
京都市
36%
太良町 多良
36%
八戸市
35%
横浜市 田奈
35%
多治見市
35%
各務原市 那加
35%
小野市 粟生
35%
広島市 可部
35%
大分市 | 福知山市
34%
角田市
33%
千葉市 土気
33%
川崎市 久地
33%
那智勝浦町 那智
33%
あま市 木田
32%
赤穂市 有年
32%
松江市 乃木
32%
伊賀市 柘植
31%
中川町 佐久
30%
我孫子市 布佐
30%
勝山市 | 鋸南町 保田
30%
文京区 根津
30%
奥多摩町 古里
30%
神河町 | 鎌倉市 長谷
30%
箕輪町
30%
武豊町 上ゲ
30%
大阪市
30%
豊中市 | 高砂市 曽根
30%
東大阪市 布施
30%
徳島市 府中
30%
日高市 高麗
29%
佐倉市 志津
29%
新潟市
29%
大津市 和邇
29%
長浜市 余呉
29%
福知山市 石原
29%
神戸市 摩耶
29%
桜井市 三輪
29%
和歌山市 紀和
29%
広島市 瀬野
29%
大竹市 玖波
29%
徳島市 佐古
29%
松山市 久米
29%
北九州市 門司
29%
ひたちなか市 佐和
28%
横浜市 戸部
28%
山北町 谷峨
28%
宮津市 喜多
28%
和歌山市 加太
28%
瀬戸内市 邑久
28%
広島市 矢賀
28%
美祢市 厚保
27%
大村市 諏訪
27%
佐野市 | 川西市 多田
26%
入間市 仏子
26%
習志野市 谷津
26%
鴨川市 江見
26%
武豊町 富貴
26%
堺市 百舌鳥
26%
東大阪市 弥刀
26%
宮代町 和戸
25%
京丹波町 和知
25%
守口市 土居
25%
八尾市 志紀
25%
智頭町 土師
25%
八頭町 安部
25%
松江市 揖屋
25%
三好市
25%
福岡市 賀茂
25%
宇都宮市
24%
静岡市 由比
24%
智頭町 那岐
24%
萩市 飯井
24%
岩国市 玖珂
24%
南九州市 頴娃
24%
楢葉町 木戸
23%
松本市 波田
23%
飯綱町 牟礼
23%
羽島市 須賀
23%
大淀町 六田
23%
福岡市 土井
23%
那珂市
22%
塩尻市 洗馬
22%
名古屋市 | 大津市 比良
22%
大山町 | 東海市 名和
22%
四日市市
22%
大阪市 野江
22%
北栄町 由良
22%
江府町 江尾
22%
岩国市 通津
22%
岩国市 由宇
22%
近江八幡市 | 釧路市 武佐
21%
遊佐町 女鹿
21%
横浜市 瀬谷
21%
横須賀市 逸見
21%
糸魚川市 能生
21%
小浜市 加斗
21%
真庭市 | 知多市 古見
21%
愛西市 佐屋
21%
美浜町 野間
21%
尾鷲市 九鬼
21%
大紀町 阿曽
21%
南丹市 胡麻
21%
富田林市 喜志
21%
御所市
21%
田辺市 芳養
21%
日野町 根雨
21%
津山市 知和
21%
阿武町 奈古
21%
美波町 由岐
21%
さぬき市 志度
21%
那覇市 儀保
21%
新発田市 加治
20%
南部町 井出
20%
大阪市 出戸
20%
紀の川市 貴志
20%
庄原市 油木
20%
綾川町
20%
松山市 三津
20%
伊達市 有珠
19%
各務原市 | 辰野町 羽場
19%
加古川市 | 福岡市 別府
19%
朝来市 新井
19%
香美町 佐津
19%
大田市 馬路
19%
鳴門市 撫養
19%
吉野川市
19%
常滑市 多屋
18%
京都市 木野
18%
串本町 田子
18%
江府町 武庫
18%
大田市 仁万
18%
萩市 須佐
18%
美波町 木岐
18%
伊予市
18%
須崎市 安和
18%
日南市 飫肥
18%
村上市 府屋
17%
美濃加茂市 古井
17%
京都市 西院
17%
姫路市 余部
17%
串本町 古座
17%
江津市 波子
17%
備前市 伊里
17%
久米南町 弓削
17%
東広島市 寺家
17%
山陽小野田市 埴生
17%
四万十市 半家
17%
蘭越町 目名
16%
羽咋市 千路
16%
大垣市
16%
多気町 佐奈
16%
出雲市 田儀
16%
出雲市
16%
総社市 日羽
16%
真庭市 久世
16%
広島市
16%
福山市 湯野
16%
三次市 吉舎
16%
津幡町 能瀬
15%
飯田市 千代
15%
伊賀市 新居
15%
姫路市 妻鹿
15%
小野市 葉多
15%
日高川町 和佐
15%
呉市 安登
15%
阿武町 木与
15%
粕屋町 柚須
15%
三種町 鹿渡
14%
高砂市 伊保
14%
倉敷市 木見
14%
東かがわ市 丹生
14%
五所川原市 嘉瀬
13%
滝沢市 巣子
13%
多賀城市 下馬
13%
仙北市 八津
13%
前橋市 江木
13%
伊奈町 志久
13%
伊東市 富戸
13%
富士市 比奈
13%
富士市 須津
13%
鈴鹿市 箕田
13%
尾鷲市 賀田
13%
志摩市 五知
13%
姫路市 八家
13%
西脇市 比延
13%
橋本市 隅田
13%
大田市 波根
13%
大田市 久手
13%
新見市 野馳
13%
広島市 江波
13%
福山市 戸手
13%
宇部市 岐波
13%
山陽小野田市 目出
13%
香南市 夜須
13%
福岡市 野芥
13%
朝倉市 馬田
13%
佐世保市 日宇
13%
諫早市 小江
13%
八代市
13%
糸魚川市 根知
12%
中津川市 阿木
12%
浜松市 尾奈
12%
川根本町 地名
12%
三木町 井戸
12%
北九州市 志井
12%
大分市 賀来
12%
戸沢村 津谷
11%
豊川市 御油
11%
四日市市 保々
11%
紀の川市 名手
11%
久留米市 御井
11%
伊万里市
11%
八代市 葉木
11%
洋野町 有家
10%
飯田市 毛賀
10%
豊田市 保見
10%
津市 比津
10%
桑名市 多度
10%
伊賀市 比土
10%
福岡市 奈多
10%
諫早市 湯江
10%
高知市 鹿児
9%
小郡市 津古
9%
南阿蘇村 加勢
9%
鹿児島市 唐湊
9%
恵那市 野志
8%
浜松市 気賀
8%
浜田市 周布
8%
山口市 仁保
8%
島原市 三会
7%
合志市 須屋
7%
唐津市 佐里
6%
伊万里市 波瀬
6%
雲仙市 古部
6%
九重町 恵良
6%
九重町 野矢
6%
和歌山市 吉礼
5%
No matching quizzes found
Score Distribution
Percent of People with Each Score
Percentile by Number Answered
Your Score History
You have not taken this quiz